Biblioteca

Biblia de América / La Casa de la Biblia (Registro nro. 31630)

Detalles MARC
000 -LÍDER
Campo fijo de descripción fija 005610000a22001810004500
020 ## - NÚMERO INTERNACIONAL NORMALIZADO PARA LIBROS
Número Internacional Normalizado del libro 84-7151-966-8
041 0# - CÓDIGO DE IDIOMA
Código de idioma para texto/pista de sonido o título separado
082 04 - NÚMERO DE CLASIFICACIÓN DECIMAL DEWEY
Número de clasificación R 220.546 B58236b
001 - NÚMERO DE CONTROL
Campo de control 79
110 1# - ASIENTO PRINCIPAL--NOMBRE CORPORATIVO
Nombre corporativo o de jurisdicción como elemento de entrada La Casa de la Biblia (editor)
245 10 - TÍTULO
Título del Material Biblia de América / La Casa de la Biblia
250 ## - MENCIÓN DE EDICIÓN
Mención de edición 6
260 ## - PUBLICACIÓN, DISTRIBUCIÓN, ETC. (PIE DE IMPRENTA)
Lugar de publicación, distribución, etc. Madrid, España : PPC-Verbo Divino-Sígueme
300 ## - DESCRIPCIÓN FÍSICA
Extensión 1970 Pag.
500 ## - NOTA GENERAL
Nota General Traducción íntegra de los textos originales con introducciones, notas, mapas, cronología y vocabulario bíblico.
650 14 - ASIENTO SECUNDARIO DE MATERIA - TERMINO TEMÁTICO
Término temático o nombre geográfico como elemento de entrada BIBLIA \ VERSIONES DE LA BIBLIA
942 ## - TIPO DE MATERIAL (KOHA)
Tipo de Item KOHA Libros General
Existencias
Estado de Material Estado de Perdido Estado de Dañado No para Préstamo Colección Tomo Biblioteca de Origen Biblioteca Permanente Fecha de Adquisición Total de Préstamos Signatura Topográfica Código de Barras Última vez visto Última vez Préstado Ejemplar/Existencia Fecha de Remplazo Tipo de Material
        Colección de Referencia   Biblioteca FUSBC Biblioteca FUSBC 24/08/2004 1 R 220.546 B58236b 12198 21/02/2026 10/08/2017 1 26/01/2016 Libros de Referencia

Biblioteca FUSBC | Teléfono: (57+4) 349 88 10 Ext. 141| WhatsApp (+57) 3005338115 
E-mail: biblioteca@unisbc.edu.co | Calle 76 87-14 Robledo Palenque, Medellín, Colombia

Con tecnología Koha